[Event "Ricany op-A"]
[Site "Ricany"]
[Date "2019.08.26"]
[Round "4"]
[White "Paulovic, Milan"]
[Black "Dubnicka, Augustin"]
[Result "1/2-1/2"]
[WhiteElo "1788"]
[BlackElo "1734"]
[PlyCount "44"]
[EventDate "2019.08.24"]
[EventType "swiss"]
[EventRounds "9"]
[EventCountry "CZE"]
[SourceTitle "EXT 2020"]
[Source "ChessBase"]
[SourceDate "2019.10.17"]
[SourceVersion "1"]
[SourceVersionDate "2019.10.17"]
[SourceQuality "1"]

1. c4 c5 2. Nc3 Nc6 3. e4 d6 4. d3 g6 5. f4 Bg7 6. Nf3 Bg4 7. Be2 e6 8. 0-0 Nge7 9. a3 0-0 10. Qe1 Bxf3 11. Bxf3 Nd4 12. Bd1 a6 13. Ne2 b5 14. Ng3 Rb8 15. Rb1 Qd7 16. Bd2 f5 17. Bc3 Nec6 18. cxb5 axb5 19. Ne2 Rb7 20. Nxd4 Bxd4+ 21. Kh1 Kg7 22. Bb3 Rbb8 1/2-1/2

[Event "Ricany op-A"]
[Site "Ricany"]
[Date "2018.08.26"]
[Round "2"]
[White "Havelka, Petr"]
[Black "Dubnicka, Augustin"]
[Result "1/2-1/2"]
[WhiteElo "1847"]
[BlackElo "1718"]
[PlyCount "42"]
[EventDate "2018.08.25"]
[EventType "swiss"]
[EventRounds "9"]
[EventCountry "CZE"]
[SourceTitle "EXT 2019"]
[Source "ChessBase"]
[SourceDate "2018.10.10"]
[SourceVersion "1"]
[SourceVersionDate "2018.10.10"]
[SourceQuality "1"]

1. d4 d5 2. c4 c6 3. cxd5 cxd5 4. Nc3 Nf6 5. Nf3 Nc6 6. e3 e6 7. Be2 Bd6 8. 0-0 0-0 9. b3 a6 10. Bb2 b5 11. Rc1 Bb7 12. Ne1 Rc8 13. Nd3 Qe7 14. Bf3 Nb4 15. Qe2 Nxd3 16. Qxd3 Ba3 17. Qe2 Rfd8 18. Nb1 Bxb2 19. Qxb2 h6 20. Rxc8 Rxc8 21. Rc1 Qd7 1/2-1/2